Rodičovský príspevok

Nárok na rodičovský príspevok, kto oň môže žiadať, aké podmienky musí splniť. Krátenie, zastavenie, odňatie, vrátenie rodičovského príspevku. Ako vláda plánuje rodičovský príspevok zvýšiť.

Guardado en:
Detalles Bibliográficos
Autor principal: Žuľová, Jana
Formato: Capítulo de libro
Lenguaje:eslovaco
Materias:
Etiquetas: Agregar Etiqueta
Sin Etiquetas, Sea el primero en etiquetar este registro!

MARC

LEADER 00000naa a2200000 4500
001 0228304
005 20170314132928.8
041 0 |a slo 
044 |a SK 
245 1 0 |a Rodičovský príspevok  |c Jana Žuľová 
520 |a Nárok na rodičovský príspevok, kto oň môže žiadať, aké podmienky musí splniť. Krátenie, zastavenie, odňatie, vrátenie rodičovského príspevku. Ako vláda plánuje rodičovský príspevok zvýšiť. 
610 2 0 |a príspevok rodičovský 
610 2 0 |a úpravy právne 
100 1 |a Žuľová, Jana